Biomechanical basis of human movement / (Record no. 27622)

000 -LEADER
fixed length control field 01881cam a2200385 a 4500
001 - CONTROL NUMBER
control field 14913194
003 - CONTROL NUMBER IDENTIFIER
control field OSt
005 - DATE AND TIME OF LATEST TRANSACTION
control field 20170209120300.0
008 - FIXED-LENGTH DATA ELEMENTS--GENERAL INFORMATION
fixed length control field 070629s2009 paua b 001 0 eng
010 ## - LIBRARY OF CONGRESS CONTROL NUMBER
LC control number 2007027343
020 ## - INTERNATIONAL STANDARD BOOK NUMBER
International Standard Book Number 9780781791281
020 ## - INTERNATIONAL STANDARD BOOK NUMBER
International Standard Book Number 0781791286
035 ## - SYSTEM CONTROL NUMBER
System control number (DNLM)101310689
040 ## - CATALOGING SOURCE
Original cataloging agency DNLM/DLC
Transcribing agency DLC
Modifying agency DLC
050 00 - LIBRARY OF CONGRESS CALL NUMBER
Classification number QP303 .H354 2009
060 10 - NATIONAL LIBRARY OF MEDICINE CALL NUMBER
Classification number WE 103
Item number H217b 2009
082 00 - DEWEY DECIMAL CLASSIFICATION NUMBER
Classification number 612.7/6
Edition number 22
100 1# - MAIN ENTRY--PERSONAL NAME
Personal name Hamill, Joseph,
Dates associated with a name 2009-
245 10 - TITLE STATEMENT
Title Biomechanical basis of human movement /
Statement of responsibility, etc. Joseph Hamill, Kathleen M. Knutzen.
250 ## - EDITION STATEMENT
Edition statement 3rd ed.
260 ## - PUBLICATION, DISTRIBUTION, ETC. (IMPRINT)
Place of publication, distribution, etc. Philadelphia :
Name of publisher, distributor, etc. Wolters Kluwer Health/Lippincott Williams and Wilkins,
Date of publication, distribution, etc. 2009.
300 ## - PHYSICAL DESCRIPTION
Extent xi, 491 p. :
Other physical details ill. (some col.) ;
Dimensions 29 cm.
500 ## - GENERAL NOTE
General note Includes bibliographical references and index.
505 0# - FORMATTED CONTENTS NOTE
Formatted contents note Basic terminology -- Skeletal considerations for movement -- Muscular considerations for movement -- Neurological considerations for movement -- Functional anatomy of the upper extremity -- Functional anatomy of the lower extremity -- Functional anatomy of the trunk -- Linear kinematics -- Angular kinematics -- Linear kinetics -- Angular kinetics.
650 #0 - SUBJECT ADDED ENTRY--TOPICAL TERM
Topical term or geographic name as entry element Human mechanics.
650 12 - SUBJECT ADDED ENTRY--TOPICAL TERM
Topical term or geographic name as entry element Movement.
650 22 - SUBJECT ADDED ENTRY--TOPICAL TERM
Topical term or geographic name as entry element Biomechanics.
700 1# - ADDED ENTRY--PERSONAL NAME
Personal name Knutzen, Kathleen.
856 42 - ELECTRONIC LOCATION AND ACCESS
Materials specified Publisher description
Uniform Resource Identifier <a href="http://www.loc.gov/catdir/enhancements/fy0740/2007027343-d.html">http://www.loc.gov/catdir/enhancements/fy0740/2007027343-d.html</a>
856 41 - ELECTRONIC LOCATION AND ACCESS
Materials specified Table of contents only
Uniform Resource Identifier <a href="http://www.loc.gov/catdir/enhancements/fy0811/2007027343-t.html">http://www.loc.gov/catdir/enhancements/fy0811/2007027343-t.html</a>
906 ## - LOCAL DATA ELEMENT F, LDF (RLIN)
a 7
b cbc
c orignew
d 1
e ecip
f 20
g y-gencatlg
942 ## - ADDED ENTRY ELEMENTS (KOHA)
Source of classification or shelving scheme
Koha item type Hard Covered Materials
Classification part QP303 .H354 2009
Call number prefix 34652
Holdings
Withdrawn status Lost status Source of classification or shelving scheme Damaged status Not for loan Home library Current library Shelving location Date acquired Source of acquisition Total Checkouts Full call number Barcode Date last seen Price effective from Koha item type
          MACHAKOS UNIVERSITY LIBRARY MACHAKOS UNIVERSITY LIBRARY Technical section 09/02/2017 Donation(BFA)   QP303 .H354 2009 34652 12/07/2018 09/02/2017 Hard Covered Materials
© Machakos University Library, Along The Highway, Machakos Wote Rd, Machakos, Kenya P.O. Box 136 - 90100 Machakos - Kenya

Tel: ( +254 ) 723 805829 OR Fax : 044-20353 OR Email: library@mksu.ac.ke